|
|
|
|
| LEADER |
00000nam a2200000 a 4500 |
| 001 |
vtls001395601 |
| 003 |
SK-MaSNL |
| 005 |
20260302001043.0 |
| 008 |
251124s1999 DE ae r y 0 ger |
| 020 |
|
|
|a 3765331007
|
| 020 |
|
|
|a 3765331252
|c 4546,00
|
| 035 |
|
|
|a SNK000349962
|
| 040 |
|
|
|a SNK
|b slo
|c SNK
|e AACR2
|
| 044 |
|
|
|a DE
|
| 080 |
|
|
|a 03=30
|2 1981
|
| 080 |
|
|
|a 801.323.1=30=20=40
|2 1981
|
| 245 |
1 |
|
|a Brockhaus - Die Enzyklopädie
|n 25. Band
|p Bildwörterbuch deutsch - englisch - französisch
|c [redaktionelle Bearbeitung: Werner Scholze-Stubenrecht ... [et al.]]
|
| 250 |
|
|
|a 20., überarb. und aktualisierte Aufl.
|
| 260 |
|
|
|a Leipzig [etc.]
|b F.A. Brockhaus
|c c1999
|
| 300 |
|
|
|a 677, [305] s.
|c 25 cm
|
| 650 |
0 |
7 |
|a nemčina
|x slovníky výkladové
|2 SNK
|9 288065
|
| 650 |
0 |
7 |
|a slovníky výkladové nemecké
|2 SNK
|9 288066
|
| 650 |
0 |
7 |
|a encyklopédie nemecké
|2 SNK
|9 295901
|
| 700 |
1 |
|
|a Scholze-Stubenrecht, Werner
|4 upr
|9 407338
|
| 919 |
|
|
|a 3-7653-3100-7
|
| 919 |
|
|
|a 3-7653-3125-2
|
| 999 |
|
|
|c 982249
|d 984179
|
| 952 |
|
|
|t snkBRO/25 030
|a SNKUST
|b SNKUST
|y PREZ
|7 0
|p 17A0249483
|o snkIC 128767/25
|i snkZK 1396/2000
|8 4
|g 150.90
|0 0
|1 0
|4 0
|d 2000-09-07
|l 0
|r 2025-03-19 00:00:00
|w 2026-02-24
|